|
|
|
|
| LEADER |
00000nam0a2200000 4500 |
| 001 |
179154 |
| 005 |
20231101223446.0 |
| 035 |
|
|
|a (RuTPU)RU\TPU\book\194218
|
| 090 |
|
|
|a 179154
|
| 100 |
|
|
|a 20100415d2009 k y0rusy50 ca
|
| 101 |
0 |
|
|a rus
|
| 102 |
|
|
|a RU
|
| 105 |
|
|
|a a dm 001zy
|
| 200 |
1 |
|
|a Совершенствование шлюзовой технологии промывки и обогащения золотосодержащих песков
|e автореферат диссертации на соискание ученой степени кандидата технических наук
|e спец. 25.00.13
|f В. В. Мельников
|g Иркутский государственный технический университет (ИрГТУ) ; науч. рук. К. Л. Ястребов
|
| 210 |
|
|
|a Иркутск
|d 2009
|
| 215 |
|
|
|a 19 с.
|c ил.
|
| 300 |
|
|
|a Защита сост. 26.01.2010 г.
|
| 320 |
|
|
|a Библиогр.: с. 18-19 (19 назв.).
|
| 606 |
1 |
|
|a Золотоносные пески
|x Промывка
|2 stltpush
|3 (RuTPU)RU\TPU\subj\11876
|9 38755
|
| 606 |
1 |
|
|a Золотоносные пески
|x Обогащение
|2 stltpush
|3 (RuTPU)RU\TPU\subj\11874
|9 38753
|
| 610 |
1 |
|
|a золотосодержащие пески
|
| 610 |
1 |
|
|a обогатительные установки
|
| 610 |
1 |
|
|a взвесенесущие потоки
|
| 610 |
1 |
|
|a жидкости
|
| 610 |
1 |
|
|a движение
|
| 610 |
1 |
|
|a гидродинамика
|
| 610 |
1 |
|
|a минеральные зерна
|
| 610 |
1 |
|
|a поведение
|
| 610 |
1 |
|
|a полевые испытания
|
| 610 |
1 |
|
|a шлюзовая технология
|
| 610 |
1 |
|
|a авторефераты диссертаций
|
| 675 |
|
|
|a 622.752(04)
|v 3
|
| 675 |
|
|
|a 622.7:622.342/.349(04)
|v 3
|
| 686 |
|
|
|a 25.00.13
|2 oksvnk
|
| 700 |
|
1 |
|a Мельников
|b В. В.
|g Василий Викторович
|
| 702 |
|
1 |
|a Ястребов
|b К. Л.
|g Константин Леонидович
|4 727
|
| 712 |
0 |
2 |
|a Иркутский государственный технический университет (ИрГТУ)
|c (1993- )
|2 stltpush
|3 (RuTPU)RU\TPU\col\17
|
| 801 |
|
1 |
|a RU
|b 63413507
|c 20100415
|
| 801 |
|
2 |
|a RU
|b 63413507
|c 20100427
|g RCR
|
| 942 |
|
|
|c BK
|